BACTERIAL CONTAMINATION AND BASIC COMPOSITION OF RABBIT CARCASSES

Bibliographic Details
Main Authors: Szkucik, K. (Author), Pyz-Łukasik, R. (Author)
Format: Article
Language:English
ISBN:8088985935
Subjects:

MARC

LEADER 00000naa a2200000 a 4500
001 vtls011852846
003 SK-MaSNL
005 20260302134527.0
008 210910|2003 xo |||||||||||||||||eng|
015 |a SNBCL 
035 |a (urnnbn)urn:nbn:sk:snk:ar-a0axpf 
035 |a urn:nbn:sk:snk-aaw7fn 
035 |a (uuid)efbe3b64-2755-4391-8df6-7263fe2f4642 
040 |a SNKBUCL  |b slo  |c SNKBUCL  |e AACR2 
041 |a eng 
044 |a xo  |c SK 
100 1 |a Szkucik, K.  |4 aut  |9 822222 
245 1 0 |a BACTERIAL CONTAMINATION AND BASIC COMPOSITION OF RABBIT CARCASSES  |c K. Szkucik, R. Pyz-Łukasik 
336 |a text  |b txt  |c rdacontent 
337 |a bez média  |b n  |c rdamedia 
338 |a zväzok  |b nc  |c rdacarrier 
655 7 |a články zo zborníkov  |2 snkbucl  |9 166140 
700 1 |a Pyz-Łukasik, R.  |4 aut  |9 822223 
773 0 |t Hygiena alimentorum XXIV  |d Košice : Univerzita veterinárskeho lekárstva ; Bratislava] : Štátna veterinárna a potravinová správa Slovenskej republiky, 2003  |g S. 39-42  |z 8088985935 
958 |a OND 
958 |a article26 
958 |a chapter 
999 |c 1322366  |d 1324296